English Constitutional History (Record no. 1380285)

MARC details
000 -LEADER
fixed length control field 00787nam a2200301Ia 4500
008 - FIXED-LENGTH DATA ELEMENTS--GENERAL INFORMATION
fixed length control field 160525s9999||||xx |||||||||||||| ||und||
040 ## - CATALOGING SOURCE
Transcribing agency English
082 ## - DEWEY DECIMAL CLASSIFICATION NUMBER
Classification number XI.F/Taswell-largmead
082 ## - DEWEY DECIMAL CLASSIFICATION NUMBER
Item number BORI-53393
100 ## - MAIN ENTRY--PERSONAL NAME
Personal name Thomas Pitt Taswell-Langmead
245 ## - TITLE STATEMENT
Title English Constitutional History
250 ## - EDITION STATEMENT
Remainder of edition statement Eight
260 ## - PUBLICATION, DISTRIBUTION, ETC. (IMPRINT)
Place of publication, distribution, etc London
260 ## - PUBLICATION, DISTRIBUTION, ETC. (IMPRINT)
Name of publisher, distributor, etc Sweet And Maxwell
260 ## - PUBLICATION, DISTRIBUTION, ETC. (IMPRINT)
Date of publication, distribution, etc 1919
300 ## - PHYSICAL DESCRIPTION
Extent xxiv+830
300 ## - PHYSICAL DESCRIPTION
Dimensions A
300 ## - PHYSICAL DESCRIPTION
Accompanying material Hardbound
530 ## - ADDITIONAL PHYSICAL FORM AVAILABLE NOTE
Uniform Resource Identifier <a href="00053393.pdf">00053393.pdf</a>
563 ## - BINDING INFORMATION
Binding note Study
600 ## - SUBJECT ADDED ENTRY--PERSONAL NAME
Personal name Thomas Pitt Taswell-Langmead
630 ## - SUBJECT ADDED ENTRY--UNIFORM TITLE
Uniform title English Constitutional History
650 ## - SUBJECT ADDED ENTRY--TOPICAL TERM
Topical term or geographic name as entry element English Literature
650 ## - SUBJECT ADDED ENTRY--TOPICAL TERM
Topical term or geographic name as entry element General Indology
700 ## - ADDED ENTRY--PERSONAL NAME
Personal name Thomas Pitt Taswell-Langmead
730 ## - ADDED ENTRY--UNIFORM TITLE
Uniform title English Constitutional History
942 ## - ADDED ENTRY ELEMENTS (KOHA)
Koha item type Book
Holdings
Withdrawn status Lost status Damaged status Not for loan Home library Current library Date acquired Total Checkouts Full call number Barcode Date last seen Price effective from Koha item type
        Bhandarkar Oriental Research Institute, Pune Bhandarkar Oriental Research Institute, Pune 08/11/1986   BORI-53393 BORI-53393 05/25/2016 05/25/2016 Book